| 000 | 00573cam a22002171 4500 | ||
|---|---|---|---|
| 001 | 6406874 | ||
| 005 | 20180306031608.0 | ||
| 008 | 751201s1930 nyu 000 0 eng | ||
| 010 | _a 30030795 | ||
| 035 | _a(OCoLC)1865121 | ||
| 040 |
_aDLC _cFT _dOCoLC _dDLC |
||
| 041 | _aeng | ||
| 042 | _apremarc | ||
| 080 | _a811.08 | ||
| 082 | _a811.08 KRE | ||
| 100 | 1 | _a21 | |
| 101 | _aGJL | ||
| 245 | 1 | 0 |
_aLyric America, _cedited by Alfred Kreymborg. |
| 906 |
_a7 _bcbc _coclcrpl _du _encip _f19 _gy-gencatlg |
||
| 942 |
_2ddc _cBK |
||
| 999 |
_c44107 _d44107 |
||